| 000 | 00493nam a22001817a 4500 | ||
|---|---|---|---|
| 005 | 20160624121846.0 | ||
| 010 | _aENG-115162 | ||
| 020 |
_a9789385755316 _c250.00 |
||
| 035 | _aEN-98694 | ||
| 037 | _bDBAD/PUB | ||
| 082 | _aN | ||
| 100 | _aPuri, Neel Kamal | ||
| 245 |
_aThe Patiala quartet / _cby Neel Kamal Puri |
||
| 260 |
_aNew Delhi _bSpeaking Tiger _c2015 |
||
| 270 |
_a4381/4,Ansari Road, Daryaganj, _bNew Delhi _e110002 |
||
| 300 |
_a180p. _c20cm(pbk) |
||
| 942 |
_2ddc _cEN _mPUR _hN |
||
| 999 |
_c100086 _d100086 |
||